| 000 | 01035nam a2200229 i 4500 | ||
|---|---|---|---|
| 001 | 7595 | ||
| 003 | ES-MaACL | ||
| 005 | 20230906145254.0 | ||
| 007 | t| | ||
| 008 | 910306s1990 sp ||||1| spa d | ||
| 020 | _a84-404-8240-X | ||
| 080 | _a9(44)"1789/1799":016 | ||
| 080 | _a016:9(44)"1789/1799" | ||
| 245 | 0 | 0 |
_aGuia bibliografica de los fondos recientes de la Biblioteca Nacional y de la Biblioteca de la Facultad de Geografia e Historia de la Universidad Complutense de Madrid, acerca de la Revolucion francesa de 1789 y sus repercusiones / _cseleccionada y comentada por Emilio de Diego... [et al.] ; coordinadoras, Ma T. Solano Sobrado, Ma M. Pastor Blazquez. |
| 260 |
_aMadrid : _bStar Iberica, _c1990. |
||
| 300 |
_a166 p. ; _c19 cm. |
||
| 651 | 4 |
_aFrancia- _xHistoria- _y1789-1799, Revolución- _vBibliografías. _98686 |
|
| 700 | 1 |
_aDiego, Emilio de. _944540 |
|
| 700 | 1 |
_aSolano Sobrado, Maria T., _ecoord. _9227909 |
|
| 700 | 1 |
_aPastor Blázquez, María M. _989498 |
|
| 852 |
_aES-MaACL _jL-14857 _bR.118831 _z. - rust. |
||
| 999 |
_c7595 _d7595 |
||